Handbook of research design and social measurement (Record no. 29193)

MARC details
000 -LEADER
fixed length control field 00327nam a2200121Ia 4500
082 ## - DEWEY DECIMAL CLASSIFICATION NUMBER
Classification number 001.8:3(035)
Item number MIL
100 ## - MAIN ENTRY--AUTHOR NAME
Personal name Miller, Delbert C
245 #0 - TITLE STATEMENT
Title Handbook of research design and social measurement
250 ## - EDITION STATEMENT
Edition statement Ed.3
260 ## - PUBLICATION, DISTRIBUTION, ETC. (IMPRINT)
Place of publication New York
Name of publisher David McKay
Year of publication 1977
942 ## - ADDED ENTRY ELEMENTS (KOHA)
Koha item type Books
Holdings
Withdrawn status Lost status Damaged status Not for loan Home library Current library Date acquired Cost, normal purchase price Full call number Accession Number Koha item type
        RRII Library RRII Library 16/12/2021 6.95 001.8:3(035) MIL 09783 Books